| 000 | 00567nam a2200193Ia 4500 | ||
|---|---|---|---|
| 003 | PILC | ||
| 005 | 20160301131813.0 | ||
| 008 | 140609s9999 xx 000 0 und d | ||
| 020 | _a9789812533333 | ||
| 050 |
_aGE 70 _b.R38 2010 |
||
| 100 | _aRaven, Peter H. | ||
| 245 |
_aEnvironment / _cPeter H. Raven, Linda R. Berg, David M. Hassenzahl, |
||
| 250 | _a7th edition. | ||
| 260 |
_aNew jersey : _bJ. Wiley & Sons, _c2010. |
||
| 300 |
_a589 pages : _billustrations ; _c26 cm. |
||
| 500 | _aIncludes glossary and index. | ||
| 942 |
_kFOR _cBK _2lcc |
||
| 999 |
_c118142 _d118142 |
||